Statistics for Countries Closest to Nauru

Click here to take the quiz!

General Stats

  • This quiz has been taken 616 times
  • The average score is 17 of 20

Answer Stats

kmcountrymiles% Correct
2863Australia1779
98%
3820New Zealand2373
95%
2892Indonesia1797
94%
598Marshall Islands372
93%
2662Samoa1654
93%
1737Fiji1079
92%
1104Solomon Islands686
92%
1160Tuvalu721
92%
776Micronesia482
91%
3692Palau2294
91%
1392Papua New Guinea865
91%
288Kiribati179
90%
1397Vanuatu868
90%
2544Tonga1580
89%
4561Philippines2834
88%
5132Japan3189
75%
4342United States2698
75%
4478Timor-Leste2782
74%
3219Cook Islands2000
40%
3255Niue2023
38%

Score Distribution

Percentile by Number Answered

Percent of People with Each Score

Your Score History

You have not taken this quiz